Water-resource development : the economics of project evaluation /

Saved in:
Bibliographic Details
Main Author: Eckstein, Otto
Format: Book
Language:English
Published: Cambridge, Mass. : Harvard University Press, 1958.
Series:Harvard economic studies ; v. 104
Subjects:
LEADER 00956cam a2200229 a 4500
001 c000271690
003 CARM
005 20070911114541.0
008 790702s1958 maua b 000 0 eng d
019 1 |a 2688007  |z 42727751  |z 2550512  |5 LACONCORD2021 
035 |a (OCoLC)236647  |5 LACONCORD2021 
040 |a NZOC  |b eng  |c NZOC  |d NZOC 
100 1 |a Eckstein, Otto. 
245 1 0 |a Water-resource development :  |b the economics of project evaluation /  |c by Otto Eckstein. 
260 |a Cambridge, Mass. :  |b Harvard University Press,  |c 1958. 
300 |a xiii, 300 p. :  |b ill. ;  |c 22 cm. 
440 0 |a Harvard economic studies ;  |v v. 104 
504 |a Includes bibliographical references and index. 
650 0 |a Water resources development. 
852 8 |b CARM  |h A1:AN35C0  |i B09004  |p 0390510  |f BK 
999 f f |i c71c21db-252f-5746-82a5-188752929bcf  |s ba3e87b6-c669-5551-9449-8d42ca72e673 
952 f f |p Can circulate  |a CAVAL  |b CAVAL  |c CAVAL  |d CARM 1 Store  |e B09004  |f A1:AN35C0  |h Other scheme  |i book  |m 0390510